000 00494nim a2200181 i 4500
001 bgj
245 0 0 _aBugs :
_bksiążka nauczyciela /
_c[Carol Read and Ana Soberon].
260 _aWarszawa :
_bMacmillan,
_cc. 2004.
300 _acompact disc.
650 9 _aEnglish language
655 _aTextbooks for children
700 1 _aREAD, Carol.
_eco-author
700 1 _aSOBERON, Ana.
_eco-author
040 _cBPK
041 0 _aeng
942 _cCD
008 s uk f |000 0 eng
999 _c41228
_d41228
856 _uhttp://koha.tu.koszalin.pl/cgi-bin/koha/opac-detail.pl?biblionumber=41228
_yKatalog online BPK